000 00427nam a2200157Ia 4500
001 30507
003 IN-NITTTR
005 20251114233412.0
008 251113s9999||||xx |||||||||||||| ||eng||
040 _beng
040 _cIN-NITTTR
041 _aeng
082 _a621.317 N227D
245 0 _aDesign of a direct torque control scheme using wavelet and space vector modulation for an induction motor drive /
942 _2ddc
_cBK
999 _c33135
_d33135